| 000 | 01850nam a2200421 i 4500 | ||
|---|---|---|---|
| 001 | xx005919028 | ||
| 003 | NUKAT | ||
| 005 | 20260414114735.0 | ||
| 008 | 260414s2016 pl a |010 0dpol c | ||
| 035 | _a(NUKAT)xx005919028 | ||
| 040 |
_aOLSZT 008/bak _bpol _erda _cOLSZT 008/bak |
||
| 045 | 2 |
_bd1927 _bd1939 |
|
| 046 | _k2016 | ||
| 100 | 1 |
_aBołdyriw, Tichon _d(1898-1986). _eAutor _939984 |
|
| 245 | 1 | 0 |
_aZ kart historii : _bŚląsk Cieszyński - moja Ziemia Obiecana / _cBołdyriw Tichon. |
| 246 | 3 | 0 | _aŚląsk Cieszyński - moja Ziemia Obiecana |
| 260 |
_aOlsztyn : _bWarmińsko-Mazurskie Koło Macierzy Ziemi Cieszyńskiej, _c2016. |
||
| 300 |
_a31 stron : _bilustracje ; _c24 cm. |
||
| 336 |
_aTekst _btxt _2rdacontent |
||
| 337 |
_aBez urządzenia pośredniczącego _bn _2rdamedia |
||
| 338 |
_aWolumin _bnc _2rdacarrier |
||
| 380 | _aKsiążki | ||
| 380 | _aLiteratura faktu, eseje, publicystyka | ||
| 388 | 1 | _a2001- | |
| 500 | _aArtykuł wydano na prawach rękopisu inż. Bołdyriwa Tichona, dostarczonego przez Bogdanę i Romana Zapolskich. | ||
| 500 | _aNa stronie redakcyjnej: Wydawnictwo wydano z okazji 65-lecia przeniesienia Wyższej Szkoły Gospodarstwa Wiejskiego z Cieszyna do Olsztyna, gdzie powołano Wyższą Szkołę Rolniczą. Obecnie Uniwersytet Warmińsko-Mazurski. | ||
| 600 | 1 | 7 |
_aBołdyriw, Tichon _d(1898-1986) _2DBN _939984 |
| 648 | 7 |
_a1901-2000 _2DBN _934996 |
|
| 648 | 7 |
_a1918-1939 _2DBN _936041 |
|
| 650 | 7 |
_aChów zwierząt _2DBN _936596 |
|
| 650 | 7 |
_aMleczność _2DBN _939985 |
|
| 651 | 7 |
_aŚląsk Cieszyński _2DBN _937588 |
|
| 655 | 7 |
_aBiografia _2DBN _935059 |
|
| 655 | 7 |
_aPamiętniki i wspomnienia _2DBN _935005 |
|
| 658 | _aRolnictwo i leśnictwo | ||
| 710 | 2 |
_aMacierz Ziemi Cieszyńskiej - Towarzystwo Miłośników Regionu. _bKoło Warmińsko-Mazurskie. _eWydawca _4pbl _912708 |
|
| 942 |
_2ddc _cBK_NM |
||
| 999 |
_c27572 _d27572 |
||